000 01195nam a2200325 a 4500
001 000116296
003 CHAP
005 20220329144609.0
008 191022s2019 mx a |sm |||||||spa d
010 _a112757
011 _a113729
040 _cCHAP
090 _aTesis
100 1 _aCalixto Valdez, Alejo.
_9137122
245 1 0 _aItalia como alternativa de exportación para el café de especialidad del Estado de Guerrero
_h[En línea]
_cpor Alejo Calixto Valdez.
260 _aChapingo, Méx. :
_bEl autor,
_c2019.
500 _aPara ver el contenido del material haga clic en la liga
502 _aTesis (Licenciado en comercio Internacional) -- UACH. División de Ciencias Economico-Administrativas
590 _aBATCH-UPD
_b05
_c20191022
_lUCH01
_h1208
590 _aE6339RRR
_b05
_c20191022
_lUCH01
_h1201
590 _aE6339RRR
_b05
_c20191022
_lUCH01
_h1201
590 _aE6339RRR
_b05
_c20191022
_lUCH01
_h1207
650 1 4 _aCafé
_xConsumo
_zItalia.
_9137124
650 1 4 _aCafé
_xExportación.
_917144
650 1 4 _aCafé
_xMercadeo
_zItalia.
_9137123
856 _aFinding aid
_uhttp://10.13.5.2/tesis/sist116296.pdf
_zTeclea aquí
901 _aBK
942 _cTESIS
942 _n0
999 _c112757
_d112757